Freguesia sede de cada concelho - Statistics

Estatísticas Gerais
  • Esse quiz foi jogado 48 vezes
    47 desde o último reset
  • A pontuação média é 24 de 307
Estatísticas das Respostas
Concelho Freguesia % Correto
Angra do Heroísmo | Funchal
58%
Chaves | Lisboa Santa Maria Maior
29%
C... (Açores) | C... (Madeira) Calheta
26%
Manteigas São Pedro
26%
Amarante Amarante (São Gonçalo), Madalena, Cepelos e Gatão
23%
Barcelos Barcelos, Vila Boa e Vila Frescainha (São Martinho e São Pedro)
23%
Almada Almada, Cova da Piedade, Pragal e Cacilhas
19%
Arcos de Valdevez Arcos de Valdevez (São Paio) e Giela
19%
Montijo Montijo e Afonsoeiro
19%
S... São Vicente
19%
Vila Verde Vila Verde e Barbudo
19%
Amares Amares e Figueiredo
16%
Castanheira de Pera Castanheira de Pera e Coentral
16%
M... Mira
16%
Oleiros Oleiros-Amieira
16%
P... Paredes
16%
Viana do Castelo Viana do Castelo (Santa Maria Maior e Monserrate) e Meadela
16%
Águeda Águeda e Borralha
13%
Albergaria-a-Velha Albergaria-a-Velha e Valmaior
13%
Albufeira Albufeira e Olhos de Água
13%
Alcanena Alcanena e Vila Moreira
13%
Alcoutim Alcoutim e Pereiro
13%
A... Alvito
13%
Ponte de Lima Arca e Ponte de Lima
13%
Arouca Arouca e Burgo
13%
Barreiro Barreiro e Lavradio
13%
Estarreja Beduído e Veiros
13%
Belmonte Belmonte e Colmeal da Torre
13%
Boticas Boticas e Granja
13%
Caminha Caminha (Matriz) e Vilarelho
13%
C... Castro Daire
13%
Coruche Coruche, Fajarda e Erra
13%
Ferreira do Alentejo Ferreira do Alentejo e Canhestros
13%
Freixo de Espada à Cinta Freixo de Espada à Cinta e Mazouco
13%
Idanha-a-Nova Idanha-a-Nova e Alcafozes
13%
Penalva do Castelo Ínsua
13%
Marco de Canaveses Marco
13%
Mealhada Mealhada, Ventosa do Bairro e Antes
13%
Montalegre Montalegre e Padroso
13%
Oliveira do Hospital Oliveira do Hospital e São Paio de Gramaços
13%
Paredes de Coura Paredes de Coura e Resende
13%
Peso da Régua Peso da Régua e Godim
13%
Proença-a-Nova Proença-a-Nova e Peral
13%
Cabeceiras de Basto Refojos de Basto, Outeiro e Painzela
13%
Lagoa (Açores) | Praia da Vitória | S... Santa Cruz
13%
Bragança Sé, Santa Maria e Meixedo
13%
Castelo de Paiva Sobrado e Bairros
13%
T... Tábua
13%
Abrantes Abrantes (São Vicente e São João) e Alferrarede
10%
Aguiar da Beira Aguiar da Beira e Coruche
10%
Alcobaça Alcobaça e Vestiaria
10%
A... Alcochete
10%
A... Alfândega da Fé
10%
A... Aljezur
10%
Aljustrel Aljustrel e Rio de Moinhos
10%
A... Almeirim
10%
Almodôvar Almodôvar e Graça dos Padrões
10%
Anadia Arcos e Mogofores
10%
A... Arganil
10%
A... Armamar
10%
A... Arraiolos
10%
A... Arruda dos Vinhos
10%
A... Azambuja
10%
B... Barrancos
10%
B... Batalha
10%
Celorico de Basto Britelo, Gémeos e Ourilhe
10%
Cadaval Cadaval e Pêro Moniz
10%
Baião Campelo e Ovil
10%
C... Castelo Branco
10%
M... Cidade da Maia
10%
Covilhã Covilhã e Canhoso
10%
Esposende Esposende, Marinhas e Gandra
10%
F... Fafe
10%
Figueiró dos Vinhos Figueiró dos Vinhos e Bairradas
10%
Gavião Gavião e Atalaia
10%
Gondomar Gondomar (São Cosme), Valbom e Jovim
10%
Lagoa (Algarve) Lagoa e Carvoeiro
10%
L... Lamego (Almacave e Sé)
10%
Santa Marta de Penaguião Lobrigos (São Miguel e São João Baptista) e Sanhoane
10%
Lousã Lousã e Vilarinho
10%
M... Machico
10%
M... Madalena
10%
Vila Nova de Gaia Mafamude e Vilar do Paraíso
10%
Matosinhos Matosinhos e Leça da Palmeira
10%
M... Miranda do Douro
10%
M... Mirandela
10%
Terras de Bouro Moimenta
10%
Mortágua Mortágua, Vale de Remígio, Cortegaça e Almaça
10%
N... Nazaré
10%
Oliveira de Frades Oliveira de Frades, Souto de Lafões e Sejães
10%
P... Penafiel
10%
Penedono Penedono e Granja
10%
P... Ponta do Sol
10%
Ponte da Barca Ponte da Barca, Vila Nova de Muía e Paço Vedro de Magalhães
10%
P... Portel
10%
P... Porto Moniz
10%
R... Ribeira Brava
10%
Sabugal Sabugal e Aldeia de Santo António
10%
Salvaterra de Magos Salvaterra de Magos e Foros de Salvaterra
10%
Santa Comba Dão Santa Comba Dão e Couto do Mosteiro
10%
S... Santana
10%
S... São João da Madeira
10%
São Pedro do Sul São Pedro do Sul, Várzea e Baiões
10%
Ponta Delgada São Sebastião
10%
Seia Seia, São Romão e Lapa dos Dinheiros
10%
T... Tabuaço
10%
Tarouca Tarouca e Dálvares
10%
Tondela Tondela e Nandufe
10%
Trancoso Trancoso (São Pedro e Santa Maria) e Souto Maior
10%
V... Valongo
10%
Vila do Bispo Vila do Bispo e Raposeira
10%
Vila Flor Vila Flor e Nabo
10%
V... Vila Franca de Xira
10%
Vila Nova de Cerveira Vila Nova de Cerveira e Lovelhe
10%
V... Vila Pouca de Aguiar
10%
A... Alenquer (Santo Estêvão e Triana)
6%
A... Alijó
6%
A... Alpiarça
6%
A... Ansião
6%
A... Avis
6%
Beja Beja (Santiago Maior e São João Baptista)
6%
Borba Borba (Matriz)
6%
Trofa Bougado (São Martinho e Santiago)
6%
C... Câmara de Lobos
6%
Cantanhede Cantanhede e Pocariça
6%
Cartaxo Cartaxo e Vale da Pinta
6%
Cascais Cascais e Estoril
6%
C... Castro Marim
6%
Chamusca Chamusca e Pinheiro Grande
6%
S... Cidade de Santarém
6%
Condeixa-a-Nova Condeixa-a-Velha e Condeixa-a-Nova
6%
E... Espinho
6%
F... Ferreira do Zêzere
6%
F... Figueira de Castelo Rodrigo
6%
G... Góis
6%
G... Golegã
6%
G... Gouveia
6%
G... Guarda
6%
L... Lajes das Flores
6%
L... Lajes do Pico
6%
L... Loures
6%
Lourinhã Lourinhã e Atalaia
6%
Mação Mação, Penhascoso e Aboboreira
6%
M... Macedo de Cavaleiros
6%
Mangualde Mangualde, Mesquitela e Cunha Alta
6%
Horta | Ribeira Grande Matriz
6%
Mêda Mêda, Outeiro de Gatos e Fonte Longa
6%
Amadora Mina de Água
6%
M... Miranda do Corvo
6%
Monção Monção e Troviscoso
6%
Montemor-o-Velho Montemor-o-Velho e Gatões
6%
M... Murça
6%
M... Murtosa
6%
N... Nelas
6%
N... Nordeste
6%
O... Odivelas
6%
O... Olhão
6%
Oliveira de Azeméis Oliveira de Azeméis, Santiago de Riba-Ul, Ul, Macinhata da Seixa e Madail
6%
O... Oliveira do Bairro
6%
P... Palmela
6%
P... Penacova
6%
P... Peniche
6%
R... Resende
6%
R... Rio Maior
6%
S... Sabrosa
6%
S... Santa Cruz da Graciosa
6%
S... Santa Cruz das Flores
6%
Sesimbra Santiago
6%
Entroncamento São João Baptista
6%
São João da Pesqueira São João da Pesqueira e Várzea de Trevões
6%
Vila Franca do Campo São Miguel
6%
S... São Roque do Pico
6%
S... Sertã
6%
Setúbal Setúbal (São Julião, Nossa Senhora da Anunciada e Santa Maria da Graça)
6%
S... Sintra (Santa Maria e São Miguel, São Martinho e São Pedro de Penaferrim)
6%
S... Sobral de Monte Agraço
6%
T... Tavira (Santa Maria e Santiago)
6%
T... Torre de Moncorvo
6%
Torres Novas Torres Novas (Santa Maria, Salvador e Santiago)
6%
Valpaços Valpaços e Sanfins
6%
V... Velas
6%
V... Vendas Novas
6%
V... Vila do Conde
6%
V... Vila do Porto
6%
Melgaço Vila e Roussas
6%
Vila Nova de Famalicão Vila Nova de Famalicão e Calendário
6%
V... Vila Nova de Foz Côa
6%
V... Vila Real
6%
V... Vila Velha de Ródão
6%
V... Vimioso
6%
V... Vinhais
6%
V... Viseu
6%
Vouzela Vouzela e Paços de Vilharigues
6%
Alandroal Alandroal, São Brás dos Matos e Juromenha
3%
Alcácer do Sal Alcácer do Sal (Santa Maria do Castelo e Santiago) e Santa Susana
3%
A... Almeida
3%
A... Alter do Chão
3%
Arronches Assunção
3%
Elvas Assunção, Ajuda, Salvador e Santo Ildefonso
3%
B... Benavente
3%
Bombarral Bombarral e Vale Covo
3%
Braga Braga (Maximinos, Sé e Cividade)
3%
Figueira da Foz Buarcos e São Julião
3%
Vizela Caldas de Vizela (São Miguel e São João)
3%
C... Carrazeda de Ansiães
3%
Castro Verde Castro Verde e Casével
3%
Porto Cedofeita, Santo Ildefonso, Sé, Miragaia, São Nicolau e Vitória
3%
Celorico da Beira Celorico (São Pedro e Santa Maria) e Vila Boa do Mondego
3%
C... Coimbra (Sé Nova, Santa Cruz, Almedina e São Bartolomeu)
3%
C... Constância
3%
Crato Crato e Mártires, Flor da Rosa e Vale do Peso
3%
C... Cuba
3%
Nisa Espírito Santo, Nossa Senhora da Graça e São Simão
3%
E... Estremoz (Santa Maria e Santo André)
3%
É... Évora (São Mamede, Sé, São Pedro e Santo Antão)
3%
F... Faro (Sé e São Pedro)
3%
F... Fronteira
3%
Fundão Fundão, Valverde, Donas, Aldeia de Joanes e Aldeia Nova do Cabo
3%
Aveiro Glória e Vera Cruz
3%
Grândola Grândola e Santa Margarida da Serra
3%
Í... Ílhavo (São Salvador)
3%
Leiria Leiria, Pousos, Barreira e Cortes
3%
Felgueiras Margaride, Várzea, Lagares, Varziela e Moure
3%
M... Marinha Grande
3%
M... Mértola
3%
Mogadouro Mogadouro, Valverde, Vale de Porco e Vilar de Rei
3%
M... Moita
3%
M... Monchique
3%
M... Mora
3%
M... Mourão
3%
Moura Moura (Santo Agostinho e São João Baptista) e Santo Amador
3%
Vila Viçosa Nossa Senhora da Conceição e São Bartolomeu
3%
Campo Maior Nossa Senhora da Expectação
3%
Ourém Nossa Senhora da Piedade
3%
Montemor-o-Novo Nossa Senhora da Vila, Nossa Senhora do Bispo e Silveiras
3%
Caldas da Rainha Nossa Senhora do Pópulo, Coto e São Gregório
3%
Oeiras Oeiras e São Julião da Barra, Paço de Arcos e Caxias
3%
Guimarães Oliveira, São Paio e São Sebastião
3%
O... Ourique
3%
Ovar Ovar, São João, Arada e São Vicente de Pereira Jusã
3%
P... Paços de Ferreira
3%
P... Pampilhosa da Serra
3%
P... Pedrógão Grande
3%
P... Penamacor
3%
P... Pinhel
3%
P... Pombal
3%
Ponte de Sor Ponte de Sor, Tramaga e Vale de Açor
3%
P... Portimão
3%
P... Porto de Mós (São João Baptista e São Pedro)
3%
P... Porto Santo
3%
P... Povoação
3%
P... Póvoa de Lanhoso
3%
Póvoa de Varzim Póvoa de Varzim, Beiriz e Argivai
3%
R... Redondo
3%
R... Reguengos de Monsaraz
3%
Ribeira de Pena Ribeira de Pena (Salvador) e Santo Aleixo de Além-Tâmega
3%
Castelo de Vide Santa Maria da Devesa
3%
Santa Maria da Feira Santa Maria da Feira, Travanca, Sanfins e Espargo
3%
Marvão Santa Maria de Marvão
3%
Óbidos Santa Maria, São Pedro e Sobral da Lagoa
3%
Santiago do Cacém Santiago do Cacém, Santa Cruz e São Bartolomeu da Serra
3%
Mesão Frio Santo André
3%
Vila Nova de Poiares Santo André de Poiares
3%
Santo Tirso Santo Tirso, Couto (Santa Cristina e São Miguel) e Burgães
3%
S... São Brás de Alportel
3%
Loulé São Clemente
3%
Lagos São Gonçalo de Lagos
3%
Penela São Miguel, Santa Eufémia e Rabaçal
3%
Odemira São Salvador e Santa Maria
3%
S... Sardoal
3%
S... Sátão
3%
Portalegre Sé e São Lourenço
3%
Seixal Seixal, Arrentela e Aldeia de Paio Pires
3%
Sernancelhe Sernancelhe e Sarzeda
3%
S... Serpa (Salvador e Santa Maria)
3%
Lousada Silvares, Pias, Nogueira e Alvarenga
3%
S... Silves
3%
S... Sines
3%
S... Soure
3%
S... Sousel
3%
Torres Vedras Torres Vedras (São Pedro e Santiago e Santa Maria do Castelo e São Miguel) e Matacães
3%
Vagos Vagos e Santo António
3%
Valença Valença, Cristelo Covo e Arão
3%
V... Viana do Alentejo
3%
V... Vidigueira
3%
Vale de Cambra Vila Chã, Codal e Vila Cova de Perrinho
3%
V... Vila Nova da Barquinha
3%
Vila Nova de Paiva Vila Nova de Paiva, Alhais e Fráguas
3%
V... Vila Real de Santo António
3%
A... Alvaiázere
0%
C... Carregal do Sal
0%
C... Cinfães
0%
F... Fornos de Algodres
0%
M... Mafra
0%
M... Moimenta da Beira
0%
M... Mondim de Basto
0%
M... Monforte
0%
S... Sever do Vouga
0%
T... Tomar (São João Baptista e Santa Maria dos Olivais)
0%
V... Vieira do Minho
0%
V... Vila de Rei
0%
Nenhum quiz correspondente encontrado
Distribuição das Pontuações
Porcentagem de Pessoas com Cada Pontuação
Percentil de Números Respondidos
Sua Pontuação Histórica
Você não jogou esse quiz desde o último reset